| 000 | 00640cam a22001694a 4500 | ||
|---|---|---|---|
| 020 | _a0974206709 | ||
| 050 | 0 | 0 |
_aRG188 _b.J33 2004 |
| 100 | 1 | _aJackson, Nisha. | |
| 245 | 1 | 4 |
_aThe hormone survival guide for perimenopause : _bbalance your hormones naturally / _cNisha Jackson. |
| 260 |
_aSanta Rosa, Calif. : _bLarkfield Pub., _cc2004. |
||
| 300 | _axviii, 174 p. : | ||
| 650 | 0 |
_xHormone therapy _vPopular works. |
|
| 650 | 0 |
_xAlternative treatment _vPopular works. |
|
| 856 | 4 | 2 | _uhttp://www.loc.gov/catdir/enhancements/fy1315/2003111292-b.html |
| 856 | 4 | 2 | _uhttp://www.loc.gov/catdir/enhancements/fy1315/2003111292-d.html |
| 942 |
_2lcc _cGEN |
||
| 999 |
_c5297 _d5297 |
||